00485nam a2200193 a 4500001001300000003000900013005001700022008004100039020001000080082001400090100001700104245003700121260003800158300000900196500003500205505001000240650002400250700001700274nice12345678IN_TiNIC20260116011940.0050524s1959 newa grp 000 0 eng  ac27000a225bPHI1 aPhillip, J B aNew Testament in Modern English. aNew YorkbMacmillan Companyc1959 a575p aincludes index and biblioraphy2 aIndex aBible-New Testament1 aPhillip, J B